000
00339nam a2200133Ia 4500
008
170516s9999 xx 000 0 und d
245
_a
DNA Nanotechnology for Cancer Therapeutics
260
_b
Theranostics
260
_c
2016
300
_a
6:5
650
_x
Medical Technology
650
_x
Medtech
856
_u
http://www.thno.org/v6i5
999
_c
330198
_d
330198